LEADER 01051nam0-22003131i-450- 001 990000819880403321 005 20001010 035 $a000081988 035 $aFED01000081988 035 $a(Aleph)000081988FED01 035 $a000081988 100 $a20001010d--------km-y0itay50------ba 101 0 $aita 105 $ay-------001yy 200 1 $aPaesaggio agrario e assetti colturali in P uglia tra Otto e Novecento$fSaverio Russo$econ il contributo di Vincenzo Pepe 210 $aBari$cEdipuglia$d2001 215 $a35 p.$cill.$d30 cm 225 1 $aQuaderni di mediterranea$emateriale per un atlante storico del mezzogiorno$v1 610 0 $aPuglia$aPaesaggio agrario$aSec. XIX$aXX 700 1$aRusso,$bSaverio$f<1954- >$039265 702 1$aPepe,$bVincenzo$f<1958- > 801 0$aIT$bUNINA$gRICA$2UNIMARC 901 $aBK 912 $a990000819880403321 952 $aSEZ.NA M 176$b11898$fFARBC 959 $aFARBC 996 $aPaesaggio agrario e assetti colturali in P uglia tra Otto e Novecento$9347664 997 $aUNINA DB $aING01 LEADER 01245cam0-22004211i-450 001 990006080170403321 005 20181008105440.0 010 $a88-14-02545-2 035 $a000608017 035 $aFED01000608017 035 $a(Aleph)000608017FED01 035 $a000608017 100 $a20000112d1990----km-y0itay50------ba 101 0 $aita 102 $aIT 105 $ay-------001yy 200 1 $a<>"Buon funzionamento del mercato comune"$edelimitazione dei poteri fra CEE e Stati membri$fLucia Serena Rossi 210 $aMilano$cGiuffrè$dc1990 215 $a231 p.$d25 cm 225 1 $aSeminario giuridico della Università di Bologna$v135 676 $a337.1 700 1$aRossi,$bLucia Serena$f<1975- >$074260 801 0$aIT$bUNINA$gRICA$2UNIMARC 901 $aBK 912 $a990006080170403321 952 $aUNIV. 29 (135)$b15886*$fFGBC 952 $aUNIV. 29 (135bis)$b22296*$fFGBC 952 $aQ 730$b5167$fDSI$mDSI 952 $aXXVII 112$b1568$fDDCIC 952 $aDI VIII-599$b9117$fDEC 952 $aDI VIII-599$fDEC 952 $aDI VIII-599$fDEC 959 $aDDCIC 959 $aDSI 959 $aDEC 959 $aDEC 996 $a"Buon funzionamento del mercato comune"$9577091 997 $aUNINA